Towards a Systemic Theory of Irregular Migration (Record no. 26074)

MARC details
000 -LEADER
fixed length control field 00665nam a2200121Ia 4500
008 - FIXED-LENGTH DATA ELEMENTS--GENERAL INFORMATION
fixed length control field 220620s9999||||xx |||||||||||||| ||und||
100 ## - MAIN ENTRY--PERSONAL NAME
Personal name Echeverría, Gabriel
245 #0 - TITLE STATEMENT
Title Towards a Systemic Theory of Irregular Migration
Remainder of title Explaining Ecuadorian Irregular Migration in Amsterdam and Madrid
546 ## - LANGUAGE NOTE
Language note English[eng]
650 ## - SUBJECT ADDED ENTRY--TOPICAL TERM
Topical term or geographic name entry element Migration||irregular migration||migration and integration||modern state and society||diversity||open access||social systems theory||migration control||citizenship||Luhmann||migration policy||Migration, immigration & emigration
856 ## - ELECTRONIC LOCATION AND ACCESS
Uniform Resource Identifier <a href="https://library.oapen.org/bitstream/20.500.12657/37365/1/978-3-030-40903-6.pdf">https://library.oapen.org/bitstream/20.500.12657/37365/1/978-3-030-40903-6.pdf</a>
942 ## - ADDED ENTRY ELEMENTS (KOHA)
Koha item type E-Books
Holdings
Withdrawn status Lost status Damaged status Not for loan Home library Current library Date acquired Total Checkouts Date last seen Price effective from Koha item type
        Kerala University of Digital Sciences, Innovation and Technology Knowledge Centre Kerala University of Digital Sciences, Innovation and Technology Knowledge Centre 20/06/2022   20/06/2022 20/06/2022 E-Books